The complete poems of Thomas Hardy

Sparad:
Bibliografiska uppgifter
Huvudupphovsman: Hardy, Thomas
Materialtyp: Bok
Språk:Undetermined
Publicerad: Londres, Inglaterra Macmillan 1979
Ämnen:
Taggar: Lägg till en tagg
Inga taggar, Lägg till första taggen!

MARC

LEADER 00000nam a2200000Ia 4500
008 170316s9999 xx 000 0 und d
040 |a cru BVZT 
090 |a 820 H-3c 
100 |a Hardy, Thomas 
245 4 |a The complete poems of Thomas Hardy 
260 |a Londres, Inglaterra 
260 |b Macmillan 
260 |c 1979 
300 |a 1002 páginas 
650 |a LITERATURA INGLESA 
999 |c 6938  |d 6938 
942 |c 15 D  |h 820 H-3c  |2 z